000 01074nas a2200361 4500
001 BR2012002207
003 BR-BrBNA
005 20231205120356.0
007 ta
008 230509b bl.|||p| |||| 00| 00por d
040 _aBR-BrBNA
_bpor
_cBiblioteca Nacional de Agricultura
041 _a(En)
072 _aJ10
100 1 _aDias, D.C.F. dos S.
100 1 _aEstanislau, W.T.
100 1 _aFinger, F.L.
100 1 _aAlvarenga, E.M.
100 1 _aDias, L.A. dos S.
245 1 _aPhysiological and enzymatic alterations in papaya seed during storage
246 1 _aPhysiological and enzymatic alterations in papaya seed during storage
650 _aMAMÃO
650 _aCARICA PAPAYA
650 _aENZIMA
650 _aARMAZENAMENTO
650 _aSEMENTE
650 _aCONSERVAÇÃO
650 _aEMBALAGEM
650 _aFISIOLOGIA
650 _aQUALIDADE
773 0 _tRevista Brasileira de Sementes (Brazil)
_xISSN 0101-3122
_g(Mar 2010), v. 32(1) p. 148-157
_wBR2012002207
909 _a202311
_bLúcia
_c55
_dLúcia Elande
942 _2AGRIS
_n0
_cANA
999 _c218194
_d218194